1179 1672 1378 1841 1448 1995 1999 1313 1750 1791 1817 1668 2000 1904 1185 1481 1161 1846 1624 1543 1393 1064 1346 1843 1872 1739 1679 1352 1871 1605 1035 1421 1239 1737 1952 1935 1818 1737 1377 1260 1212 1938 1406 1570 1547 1333 1261 1779 1019 1364 1797 1316 1298 1779 1631 1925 1037 1735 1153 1721 1480 1281 1807 1241 1577 1798 1904 1988 1165 1878 1805 1641 1665 1285 1681 1518 1059 1902 1861 1693 1748 1811 1604 1854 1564 1567 1534 1210 1583 1017 1502 1424 1334 1428 1467 1632 1613 1867 1240 BCNSPRNW ULIB Ver.6.0+V

เปลี่ยนเป็นภาษาไทย

Change to English
 แสดงรายละเอียดบรรณานุกรม
  กลับหน้าหลัก

Brief Record : Get Marc (ISO 2709) : E-mail record : QR code < ปิดหน้าต่าง
LEADER : 00000nam 2200000uu 4500
001    13399121877
003     ULIB
008    121213s2553||||th 000 0 tha d
020    ^a9786160801671
050  4 ^aQA76.575^bส275ส ล 2
100 0  ^aสมรัก ปริยะวาที
245 10 ^aสร้างสื่อบทเรียน multimedia online แบบมืออาชีพ เล่ม 2 /^cสมรัก ปริยะวาที
260    ^aกรุงเทพฯ :^bซีเอ็ดยูเคชั่น,^c2553
300    ^a463 หน้า :^bภาพประกอบ ;^c22 ซม. +^eซีดี 1 แผ่น
650  4 ^aระบบมัลติมีเดีย
650  4 ^aเทคโนโลยีทางการศึกษา
650  4 ^aคอมพิวเตอร์ช่วยการสอน
650  4 ^aสื่ออิเล็กทรอนิกส์
650  4 ^aโปรแกรมสื่อทางการศึกษา
653    ^aE-Learning
945    ^p249^l0^i033206
995    ^aเกษร
999    ^aใช้งานได้ทุกระบบ
รายการนี้ยังไม่มีแท็ก
คุณยังไม่ได้ล็อกอิน คุณสามารถมีกิจกรรมร่วมกับเว็บไซต์ได้ แต่ต้องล็อกอินก่อน ::
  ล็อกอิน

รายการสื่อสารสนเทศ

ลำดับที่ ประเภท เลขเรียก/บาร์โค้ด สถานที่ สถานะ
1. วิทยาศาสตร์การแพทย์ และสุขภาพ
หนังสือสำรอง
สถานะ=หนังสือสำรอง
QA76.575 ส275ส ล 2 ฉ.1 
  Barcode: 033206
ห้องสมุดวิทยาเขตสวรรค์ประชารักษ์
►หนังสือทั่วไป
บนชั้น

รายการใกล้เคียง
    ผู้แต่ง [สมรัก ปริยะวาที]

    หัวเรื่อง [ระบบมัลติมีเดีย]
    หัวเรื่อง [เทคโนโลยีทางการศึกษา]
    หัวเรื่อง [คอมพิวเตอร์ช่วยการสอน]
    หัวเรื่อง [สื่ออิเล็กทรอนิกส์]
    หัวเรื่อง [โปรแกรมสื่อทางการศึกษา]

BibComment


ยังไม่เคยถูกคอมเมนท์

คอมเมนท์ทรัพยากรรายการนี้
  คอมเมนท์: สร้างสื่อบทเรียน..


 Copyright 2026. Bcnsprnw @Library